Loading...
Fine Arts - Classical Music | 0 | 3 | 0 | 1 | 30 | 92 | 120.33 | 0 | 0 |
Geography/Current Events | 0 | 2 | 0 | 0 | 20 | 76 | 88.00 | 0 | 1 |
Literature - American Literature | 0 | 2 | 0 | 0 | 20 | 57 | 73.50 | 0 | 2 |
History - European History | 0 | 2 | 0 | 0 | 20 | 48 | 62.50 | 1 | 1 |
History - Other History | 0 | 2 | 0 | 1 | 20 | 62 | 95.50 | 1 | 1 |
History - World History | 0 | 2 | 0 | 1 | 20 | 54 | 86.00 | 0 | 1 |
Philosophy | 0 | 2 | 0 | 0 | 20 | 62 | 68.00 | 1 | 2 |
Science - Physics | 0 | 2 | 0 | 0 | 20 | 54 | 68.00 | 0 | 1 |
Science - Biology | 0 | 1 | 0 | 0 | 10 | 88 | 88.00 | 0 | 1 |
Science - Chemistry | 0 | 1 | 0 | 0 | 10 | 56 | 56.00 | 0 | 1 |
Science - Other Science | 0 | 1 | 0 | 0 | 10 | 91 | 91.00 | 0 | 0 |
Social Science | 0 | 1 | 1 | 0 | 5 | 81 | 81.00 | 0 | 0 |
History - American History | 0 | 0 | 1 | 0 | -5 | 0.00 | 0 | 0 | |
Fine Arts - Other Fine Arts | 0 | 0 | 1 | 0 | -5 | 0.00 | 0 | 0 |